Feats de Lefa sur Famous (réédition) - Statistiques

Statistiques générales
  • Ce quiz a été pris 26 fois
  • Le résultat moyen est 9 sur 13
Statistiques - réponses
Titres Réponses % Correct
Bitch Vald
96%
Smile SCH
92%
Incassable Leto
80%
230 PLK
80%
Top Boy Bosh
76%
New Level Josman
68%
Spécial Dosseh
64%
O&S JeanJass
64%
Elle Aime Laylow
64%
Trip Tayc
64%
Sous la pleine lune Abou Tall
60%
O&S Caballero
52%
Megazord Megaski
40%
Aucun quiz correspondant
Distribution des résultats
% des personnes avec chaque résultat
Percentile par nombre de réponses
Votre historique - résultats
Vous n’avez pas pris ce quiz